00494 2200169 4500245005100000020002200051250001100073100002200084650002000106005001900126260004100145041001400186084000800200300002300208500008400231336000900315 aSatu Rahim Satu CintacSalamun Ali MafazhText a978-602-6940-11-7 aCet. 1 aSalamun Ali Mafaz aNovel Indonesia a20231005134002 aDepokbMelvana Media Indonesiac2016 aIndonesia a813 a204 hlm. :c20 cm. akisal novel ini menarik, sebuah kisah kehidupan yang luput dari jangkauan kita. atext